Countries Bordering Uzbekistan - Statistics

General Stats
  • This quiz has been taken 227 times
    226 since last reset
  • The average score is 5 of 5
Answer Stats
Answer % Correct
Kazakhstan
99%
Turkmenistan
98%
Kyrgyzstan
97%
Tajikistan
95%
Afghanistan
92%
No matching quizzes found
Score Distribution
Percent of People with Each Score
Percentile by Number Answered
Your Score History
You have not taken this quiz since the last reset